| 000 | 01455nam a2200421 a 4500 | ||
|---|---|---|---|
| 005 | 20240423122115.0 | ||
| 008 | 110624s2013 ag ||||f 001 0 spa | ||
| 020 | _a9788480869584 | ||
| 041 | _aspa | ||
| 092 |
_c618.92 _l55 _sNEL |
||
| 245 |
_aNelson. Tratado de Pediatría. _bT.2 / _cRobert M. Kliegman |
||
| 250 | _a19a ed. en español de la obra original en inglés | ||
| 260 |
_aBarcelona: _bElsevier ; Saunders; _c2013. |
||
| 300 |
_a1295-2689 p. _bil. |
||
| 500 | _aKliegman R. M. et al. (2013). Nelson. Tratado de Pediatría. T.2 (19a ed.). Barcelona : Elsevier ; Saunders. | ||
| 653 | _aSistema digestivo | ||
| 653 | _aAparato respiratorio | ||
| 653 | _aSistema cardiovascular | ||
| 653 | _aEnfermedades hematológicas | ||
| 653 | _aCáncer y tumores benignos | ||
| 653 | _aNefrología | ||
| 653 | _aTrastornos urológicos en lactantes y niños | ||
| 653 | _aProblemas ginecológicos de la infancia | ||
| 653 | _aSistema endocrino | ||
| 653 | _aSistema nervioso | ||
| 653 | _aTrastornos neuromusculares | ||
| 653 | _aEnfermedades oculares | ||
| 653 | _aOído | ||
| 653 | _aPiel | ||
| 653 | _aTrastornos de los huesos y de las articulaciones | ||
| 653 | _aRiesgos medioambientales para la salud | ||
| 653 | _aPruebas de laboratorio | ||
| 700 | 1 |
_aKliegman, Robert M. _94 |
|
| 700 | 1 |
_aBehrman, Richard E. _95 |
|
| 700 | 1 |
_aStanton, Bonita F. _97 |
|
| 700 | 1 |
_aSt. Geme III, Joseph W. _91955 |
|
| 942 |
_2ddc _cBK _01 |
||
| 999 |
_c1236 _d1236 |
||